000 00942nam a22002537a 4500
999 _c64498
_d64498
005 20240530110734.0
008 180708s2004 ua g 000 0 ara d
017 _a2003/20895
_bمصر. دار الكتب
020 _a9773640086
040 _aEG-CaGPL
_cEG-CaGPL
082 0 4 _221
_a170 /
_bك م
100 1 _aكريسون، لاندرية
245 1 2 _aالمشكلة الاخلاقية والفلاسفة /
_cلاندرية كريسون ؛ ترجمة وتعليق عبدالحليم محمود، ابوبكر ذكرى
250 _aط. 2
260 _aالقاهرة :
_bدار الرشاد،
_c2004.
300 _a391 ص. ؛
_c19 سم.
650 0 7 _2qrmak
_aالفلسفة
650 0 7 _2qrmak
_aالاخلاق
651 _2qrmak
700 0 _aعبدالحليم محمود
_eمترجم ومعلق
700 0 _aابوبكر ذكرى
_eمترجم ومعلق
942 _2ddc
_cBK